Discursión sobre teología de la esperanza / (Record no. 98140)

MARC details
000 -LEADER
campo de control de longitud fija 00563nam a2200181 i 4500
001 - NÚMERO DE CONTROL
campo de control 98140
003 - IDENTIFICADOR DE NÚMERO DE CONTROL
campo de control ES-MaACL
005 - FECHA Y HORA DE LA ÚLTIMA TRANSACCIÓN
campo de control 20230906182225.0
007 - CAMPO FIJO DE DESCRIPCIÓN FÍSICA--INFORMACIÓN GENERAL
campo de control de longitud fija t|
008 - DATOS DE LONGITUD FIJA--INFORMACIÓN GENERAL
campo de control de longitud fija 050726s1972 sp ||||1| spa d
100 1# - ENTRADA PRINCIPAL--NOMBRE DE PERSONA
Nombre de persona Marsch, Wolf-Dieter.
9 (RLIN) 77113
245 10 - MENCIÓN DEL TÍTULO
Título Discursión sobre teología de la esperanza /
Mención de responsabilidad, etc. W. D. Marsch, J. Moltmann; [tradujo José María Mauleón].
260 ## - PUBLICACIÓN, DISTRIBUCIÓN, ETC.
Lugar de publicación, distribución, etc. Salamanca :
Nombre del editor, distribuidor, etc. Sígueme,
Fecha de publicación, distribución, etc. 1972.
300 ## - DESCRIPCIÓN FÍSICA
Extensión 222 p. ;
Dimensiones 21 cm.
700 1# - ENTRADA AGREGADA--NOMBRE PERSONAL
Nombre de persona Moltmann, J.
9 (RLIN) 82070
700 1# - ENTRADA AGREGADA--NOMBRE PERSONAL
Nombre de persona Mauleón, José M.
9 (RLIN) 79202
852 ## - LOCALIZACIÓN
Ubicación ES-MaACL
Número de control de estantería C-47957
Sublocalización o colección R.82479
Holdings
Estatus retirado Estado de pérdida Estado de daño No para préstamo Biblioteca de origen Biblioteca actual Ubicación en estantería Fecha de adquisición Fuente de adquisición Total de préstamos Signatura topográfica completa Código de barras Visto por última vez Precio de reemplazo Tipo de ítem Koha
        Biblioteca del Ateneo de Madrid Biblioteca del Ateneo de Madrid Depósito 2 17/01/2008     C-47957 1102450 23/02/2023 23/02/2023 Libro impreso